01053cam a22002771 4500001001300000003000400013005001700017008004100034010001700075035001900092040005600111042001200167050001700179100003400196245009300230260004000323300005700363490004100420500006900461500005000530504003100580650003400611650005400645710002900699830004700728gs 58000175 DLC20260227111406.0770701s1957 nvuab b 000 0 eng c ags 58000175  a(OCoLC)3087462 aU.S. Geol. Survey. Libr.cTxEUdOCoLCdWaChenEdDLC apremarc00aQE138.E4bG71 aGranger, Arthur Earle,d1911-10aGeology and mineral resources of Elko County, Nevada,cby Arthur E. Granger [and others] aReno,bUniversity of Nevada,c1957. axix, 190, xxi-xxv p.bmaps, diagrs., tables.c23 cm.1 aNevada Bureau of Mines. Bulletinv54 a"Prepared cooperatively by the United States Geological Survey." aPart of illustrative matter folded in pocket. aBibliography: p. 173-177. 0aGeologyzNevadazElko County. 0aMines and mineral resourceszNevadazElko County.2 aGeological Survey (U.S.) 0aBulletin (Nevada Bureau of Mines)vno. 54.